Quizzes
Events
Quiz Creation
Community
Videos
Private Events
Remove Ads
Sign In
Join for FREE
Feedback
Dark Mode
Quiz Categories
Sports
Geography
Music
Movies
Television
Just For Fun
Miscellaneous
History
Literature
Language
Science
Gaming
Entertainment
Religion
Holiday
For Kids
Quiz Lab
Recent
Popular Today
Quiz Kudos Today
Editor Picks
Curator Picks
Quizzes by...
Day
Popularity
Type
Ratings
Length
Year
Community
Subscriptions
Recent Discussions
Orange Saloon
Badges
Playlists
Quests
Create
Leaderboards
Showdown
Live 5
Trivia Bingo
Activity
Puzzle Library
Sporcle Events
Private Events
Virtual Trivia
Globe League
Become a Host
Pub Owners
SporcleCon
Opinionation
Our Games
Videos
Blog
Mobile Apps
Partnerships
Remove Ads and Go Orange
Feedback
Movies
Disney
Marvel Cinematic Universe
Movie Resume
Movie Titles
Oscar
Actor
Actress
Director
Pixar
Role
Movie Quotes
Movie Characters
Box Office
Nominee
Best Picture
Star Wars
James Bond
Horror Movies
Movies
Disney
Marvel Cinematic Universe
Movie Resume
Movie Titles
Oscar
Actor
Actress
Director
Pixar
Role
Movie Quotes
Movie Characters
Box Office
Nominee
Best Picture
Star Wars
James Bond
Horror Movies
Random Quiz
Search Sporcle
×
Quiz Lab
Quiz Lab
Movies
Quote
Type in answers that appear in a list
Type in answers that appear in a list
Classic
Best Score? Go Orange.
Can you finish these Ron Burgundy quotes Stats
Can you name the rest of the Rob Burgundy quote?
By
pav27
5m
13 Questions
344 Plays
344 Plays
344 Plays
Comments
Comments
Give Quiz Kudos
Give Quiz Kudos
-
- Ratings
hide this ad
Replay
Link that replays current quiz
Next Quiz
Link to next quiz in quiz playlist
You Got
0%
They Got
Avg Score
31%
Avg Friend Score
Upgrade to see
Score Distribution
Jump to the score distribution portion of the page
Score
0/13
Timer
05:00
0
Plays Today
First part
Second part
% Correct
Ow now
brown cow
77.6%
By the beard
of Zeus!
67.7%
You pooped in the refrigerator? And you ate
the whole wheel of cheese?
53.8%
The human torch
was denied a bank loan
34%
I'm going to punch you in the ovaries, straight shot,
right to the baby maker
31.7%
The arsenist
has oddly shaped feet
30.8%
What's your name? Lanolin?
Like sheep's wool?
30.5%
I don't know if you heard me counting...
I did over a thousand
26.5%
You're like a miniature Buddah,
covered in hair
19.8%
Oh I can barely lift my right arm
because I did so many
12.8%
If you were a man I'd punch you,
I'd punch you right in the mouth
9.3%
Discovered by the Germans, in 1904, they named it San Diego,
which of course in German means a whale's vagina
7.8%
I could be wrong about this, but I believe destiny
is an old, old wooden ship used in the Civil War era
1.7%
Quiz Playlist
Details
Report
Send in Message
Add To Playlist
Classic:
Type in answers that appear in a list
Last Updated: Feb 16, 2017
Quiz Scoreboard
CHALLENGE
Sign Up to Join the Scoreboard
Show All
Scores
Hide
Comments
May contain spoilers
Recently Published
Alphabetical 'K' Countries by Flag Minefield
by ylime102
Geography
3m
Pick 6: Fruits
by JohnFran
Miscellaneous
15s
Click the 1999 NBA Draft
by nibperrychub
Sports
2m
More to Explore
Quiz From the Vault
Featured Blog Post
15 Basketball Trivia Facts You Can Be March Mad About
hide this ad
You Might Also Like...
Tags
Quote Quiz
Burgundy
finish
rest
rob
ron
second
Today's Top Quizzes in Movies
Browse Movies
hide this ad
Today's Top Quizzes in Quote
Browse Quote
Top Contributed Quizzes in Movies
1
Pick 6: Harry Potter
2
Pick 6: Actors
3
Pick 6: Movie Franchises
4
Pick 6: Actresses
5
Pick 6: Disney Princesses
6
Match The President To The Fictional Crisis
7
10 Quentin Tarantino Movies in Order
8
Minor Oscar Winners (1980s)
9
Sorting Squares 5 to 1- 1 to 5 Tom Hanks Movies
10
Seasonal Films
Explore More
Trending Topics
NBA
Anime
Marvel
Kpop
Disney
Harry Potter
Crossword
Country
The Office
Puzzle
Song
WWE
Soccer
Pokémon
NFL
hide this ad
More By:
pav27
Quiz
Plays
Rating
Category
Featured
Created
Can you finish these Ron Burgundy quotes
344
1.00
Movies
Nov 17, 2009
Finish the movie quote
196
1.00
Movies
Nov 16, 2009
Go to Creator's Profile
Score Distribution
Quiz Creator Spotlight
pav27
Follow
Send a Message
Quizzes Created
-
Created Quiz Play Count
-
More By This Creator
Popular Quizzes Today
1
Find the US States - No Outlines Minefield
2
Countries of Asia Without Outlines Minefield
3
Pick 6: Fruits
4
Alphabetical 'K' Countries by Flag Minefield
5
The Countries of the World
6
Click the 1999 NBA Draft
7
Find the US States
8
Match the Book to the Film X
More Movies Quizzes
Movie Animals A-Z (pics)
Quiz Lab
Trending Quizzes
Pick 6: Harry Potter
Pick 6: Mountains
Pick 6: NFL Teams
Pick 6: Golfers
Pick 6: Movie Franchises
Recently Updated
Women's Final Four Teams by Year
bhenderson79
Presidents Quartet II
eogle
Anything But Clue(do)
eogle
Anything But Oceanian Capitals
eogle
Anything But 7
eogle
Anything But Thing
eogle
Word Ladder: February 29
pecheneg
Song Title Questions
pecheneg
Women's NCAA Tournament #1 Seeds
pecheneg
Celebrity Mug Shots
pecheneg
Trending Topics
Harry Potter
Marvel
Disney
Anime
Crossword
NBA
Kpop
The Office
Song
Pokémon
Country
Soccer
Puzzle
NFL
WWE
Your Account Isn't Verified!
In order to create a playlist on Sporcle, you need to verify the email address you used during registration. Go to your
Sporcle Settings
to finish the process.
Report this User
Report this user for behavior that violates our
Community Guidelines
.
Details:
Send Report
Go to the Sporcle.com Mobile Site →
Comments